<?xml version="1.0" encoding="UTF-8"?>
<record
    xmlns:xsi="http://www.w3.org/2001/XMLSchema-instance"
    xsi:schemaLocation="http://www.loc.gov/MARC21/slim http://www.loc.gov/standards/marcxml/schema/MARC21slim.xsd"
    xmlns="http://www.loc.gov/MARC21/slim">

  <leader>01114nam a2200325Ia 4500</leader>
  <controlfield tag="001">032830</controlfield>
  <controlfield tag="008">221003m2012    xx            000 0 cat d</controlfield>
  <datafield tag="035" ind1=" " ind2=" ">
    <subfield code="a">CENDO_23683</subfield>
  </datafield>
  <datafield tag="041" ind1=" " ind2=" ">
    <subfield code="a">cat</subfield>
  </datafield>
  <datafield tag="100" ind1=" " ind2=" ">
    <subfield code="a">DIAZ DE LA JARA, Carmen</subfield>
    <subfield code="9">21170</subfield>
  </datafield>
  <datafield tag="245" ind1=" " ind2="0">
    <subfield code="a">Liquidaci&#xF3;n del Estado de bienestar /</subfield>
    <subfield code="c">Carmen D&#xED;az de la Jara, Secretaria de Acci&#xF3; Sindical [de CCOO Illes Balears]</subfield>
  </datafield>
  <datafield tag="260" ind1=" " ind2=" ">
    <subfield code="a">Palma de Mallorca :</subfield>
    <subfield code="b">Confederaci&#xF3;n Sindical de les Illes Balears,</subfield>
    <subfield code="c">2012</subfield>
  </datafield>
  <datafield tag="300" ind1=" " ind2=" ">
    <subfield code="a">1 p.  ;</subfield>
    <subfield code="c"> 30 cm</subfield>
  </datafield>
  <datafield tag="500" ind1=" " ind2=" ">
    <subfield code="a">En: Unitat, n. 35 (mayo 2012), p. 4</subfield>
  </datafield>
  <datafield tag="650" ind1=" " ind2=" ">
    <subfield code="a">ESTADO-BENEFACTOR</subfield>
    <subfield code="9">366</subfield>
  </datafield>
  <datafield tag="650" ind1=" " ind2="0">
    <subfield code="a">RECESION ECONOMICA</subfield>
    <subfield code="9">39</subfield>
  </datafield>
  <datafield tag="650" ind1=" " ind2=" ">
    <subfield code="a">ESPA&#xD1;A</subfield>
    <subfield code="9">9</subfield>
  </datafield>
  <datafield tag="650" ind1=" " ind2=" ">
    <subfield code="a">POLITICA SOCIAL</subfield>
    <subfield code="9">228</subfield>
  </datafield>
  <datafield tag="650" ind1=" " ind2="0">
    <subfield code="a">ACTITUD SINDICAL</subfield>
    <subfield code="9">61</subfield>
  </datafield>
  <datafield tag="710" ind1=" " ind2=" ">
    <subfield code="a">CCOO</subfield>
    <subfield code="b">Confederaci&#xF3;n Sindical de les Illes Balears,</subfield>
    <subfield code="e">ed.</subfield>
    <subfield code="9">4174</subfield>
  </datafield>
  <datafield tag="856" ind1=" " ind2=" ">
    <subfield code="z">PDF</subfield>
    <subfield code="u">http://docpublicos.ccoo.es/cendoc/032830LiquidacionEstadoBienestar.pdf</subfield>
  </datafield>
  <datafield tag="901" ind1=" " ind2=" ">
    <subfield code="a">1</subfield>
  </datafield>
  <datafield tag="903" ind1=" " ind2=" ">
    <subfield code="a">NO</subfield>
  </datafield>
  <datafield tag="904" ind1=" " ind2=" ">
    <subfield code="a">000</subfield>
  </datafield>
  <datafield tag="907" ind1=" " ind2=" ">
    <subfield code="a">Crisis econ&#xF3;mica</subfield>
  </datafield>
  <datafield tag="953" ind1=" " ind2=" ">
    <subfield code="d">2012-06-07</subfield>
    <subfield code="y">DOCU_ELEC</subfield>
    <subfield code="h">Unitat, n. 35 (mayo 2012), p. 4</subfield>
    <subfield code="t">PS11</subfield>
  </datafield>
  <datafield tag="999" ind1=" " ind2=" ">
    <subfield code="c">23682</subfield>
    <subfield code="d">23682</subfield>
  </datafield>
  <datafield tag="910" ind1=" " ind2=" ">
    <subfield code="a">2012</subfield>
  </datafield>
  <datafield tag="942" ind1=" " ind2=" ">
    <subfield code="c">DOCU_ELEC</subfield>
  </datafield>
  <datafield tag="952" ind1=" " ind2=" ">
    <subfield code="0">0</subfield>
    <subfield code="1">0</subfield>
    <subfield code="4">0</subfield>
    <subfield code="7">0</subfield>
    <subfield code="a">CENDO</subfield>
    <subfield code="b">CENDO</subfield>
    <subfield code="d">2012-06-07</subfield>
    <subfield code="h">Unitat, n. 35 (mayo 2012), p. 4</subfield>
    <subfield code="l">0</subfield>
    <subfield code="p">CENDO_23683</subfield>
    <subfield code="r">2022-10-05 00:00:00</subfield>
    <subfield code="t">PS11</subfield>
    <subfield code="w">2022-10-05</subfield>
    <subfield code="y">DOCU_ELEC</subfield>
  </datafield>
</record>
